| 000 | 00758cam a2200229 a 4500 | ||
|---|---|---|---|
| 001 | 1579744 | ||
| 005 | 20180312101551.0 | ||
| 008 | 930806s1994 ilu b 001 0 eng | ||
| 010 | _a 93030524 | ||
| 020 | _a0925065463 | ||
| 040 |
_aDLC _cDLC _dDLC |
||
| 041 | _aeng | ||
| 080 | _a361.6 MEE | ||
| 082 | 0 | 0 |
_a361.6 MEE _220 |
| 100 | 1 | _a20 | |
| 101 | _aPOL | ||
| 245 | 1 | 0 |
_aPolicy analysis and research technology : _cThomas M. Meenaghan, Keith M. Kilty. |
| 504 | _aIncludes bibliographical references and index. | ||
| 906 |
_a7 _bcbc _corignew _d1 _eocip _f19 _gy-gencatlg |
||
| 942 |
_2ddc _cBK |
||
| 999 |
_c44793 _d44793 |
||